| 000 | 00000nam##2200000za#4500 |
| 001 | 9.571802 |
| 003 | CaOODSP |
| 005 | 20210624182915 |
| 007 | cr ||||||||||| |
| 008 | 150406|2000||||xxc|||||o f|0| 0 eng|d |
| 040 | |aCaOODSP|beng |
| 043 | |an-cn--- |
| 086 | 1 |aNH18-24/28BE-PDF |
| 110 | 2 |aCanada Mortgage and Housing Corporation. |
| 245 | 10|aBefore you start renovating your basement - structural issues and soil conditions |h[electronic resource] |
| 260 | |aOttawa - Ontario : |bCanada Mortgage and Housing Corporation |cc2000. |
| 300 | |a6p.|bfig., table |
| 490 | 1 |aAbout your house |vCE28b |
| 590 | |a11-23-Supp|b2011-10-17 |
| 690 | 07|aHome renovations|2gcpds |
| 690 | 07|aSoil|2gcpds |
| 690 | 07|aInsulation|2gcpds |
| 775 | 08|tAvant de rénover votre sous-sol : aspects structuraux et conditions du sol |w(CaOODSP)9.602225 |
| 776 | 0#|tBefore you start renovating your basement - structural issues and soil conditions |w(CaOODSP)9.615686 |
| 830 | #0|aAbout your house ;|vCE28b|w(CaOODSP)9.505388 |
| 856 | 40|ahttp://publications.gc.ca|qPDF|s73 KB|uhttps://publications.gc.ca/collections/Collection/NH18-24-28BE.pdf|yCE28b |